[Event "Canadian op U2400"]
[Site "Montreal"]
[Date "2014.07.25"]
[Round "8"]
[White "Gauthier, Denis"]
[Black "Caluza, Severo"]
[Result "1-0"]
[WhiteElo "1909"]
[BlackElo "1725"]
[PlyCount "87"]
[EventDate "2014.07.19"]
[EventType "swiss"]
[EventRounds "9"]
[EventCountry "CAN"]
[SourceTitle "EXT 2022"]
[Source "ChessBase"]
[SourceDate "2021.10.06"]
[SourceVersion "1"]
[SourceVersionDate "2021.10.06"]
[SourceQuality "1"]

1. d4 Nf6 2. c4 e6 3. Nf3 b6 4. a3 d5 5. Nc3 Be7 6. cxd5 exd5 7. g3 0-0 8. Bg2 c5 9. 0-0 Bb7 10. Bf4 Nbd7 11. Rc1 Re8 12. Nb5 Nh5 13. Bc7 Qc8 14. Bd6 a6 15. Bxe7 axb5 16. Bg5 h6 17. Be3 c4 18. Qd2 Ndf6 19. Ne5 Qf5 20. f3 Rxe5 21. dxe5 Qxe5 22. g4 Re8 23. gxh5 Qxe3+ 24. Qxe3 Rxe3 25. Kf2 Rb3 26. Rc2 Bc8 27. e3 Bf5 28. Rd2 Bd3 29. Rc1 Nd7 30. Rc3 Nc5 31. Rxb3 Nxb3 32. Rd1 Kf8 33. f4 d4 34. exd4 Nxd4 35. Bf1 Bxf1 36. Kxf1 Ne6 37. Rd6 Nxf4 38. Rxb6 c3 39. bxc3 Nd5 40. Rxb5 Nxc3 41. Rc5 Na4 42. Rc7 g6 43. hxg6 fxg6 44. Ke2 1-0